Statystyki dla Piłka nożna quiz #56 - Kluby w I lidze polskiej sezon 2023/24

Kliknij tutaj aby rozwiązać quiz!

Ogólne statystyki

  • Ten quiz został rozwiązany 86 razy
  • Średni wynik to 13 z 18

Statystyki odpowiedzi

Klub% Poprawnych
Wisła Kraków
97%
Arka Gdynia
95%
Lechia Gdańsk
95%
GKS Katowice
84%
Zagłębie Sosnowiec
84%
Wisła Płock
78%
Polonia Warszawa
77%
GKS Tychy
76%
Motor Lublin
73%
Resovia
73%
Stal Rzeszów
70%
Odra Opole
69%
Bruk-Bet Termalica Nieciecza
65%
Miedź Legnica
64%
Podbeskidzie Bielsko-Biała
64%
Chrobry Głogów
58%
Znicz Pruszków
54%
Górnik Łęczna
50%

Rozkład punktacji

Percentyl według liczby udzielonych odpowiedzi

Procent ludzi z każdym wynikiem

Twoja historia wyników

Nie rozwiązałeś tego quizu